Responses for Show #5816 - Monday, December 21, 2009

Ryan Chaffee game 2.

Contestants

[<< previous game]

Mallory Ortberg, a student and waitress from Menlo Park, California

Tom Cohen, a fur broker from Hewlett Harbor, New York

Ryan Chaffee, a tutor from Los Angeles, California (whose 1-day cash winnings total $20,800)

[next game >>]

Jeopardy! Round responses

IN MEMORIAM 2009
HAVE PUN WILL TRAVEL
CONSTANTINOPLE
FURNITURE
THEY WERE CONTEMPORARIES
LET'S PLAY SOME GOLF
    $200 8
(Walter) Cronkite

Ryan
    $200 1
the feet

Ryan
    $200 10
Istanbul

Tom
    $200 24
CDs (& DVDs)

Mallory
    $200 15
the Great

Mallory
    $200 5
Bill Murray

Tom
    $400 9
(Ryan: Who is Kennedy?)
(Alex: Pardon?)
(Ryan: Who is Kennedy?)
(Alex: Which one?)
(Ryan: Who is... Katherine Kennedy?)
(Tom: Who is Ted Kennedy?)
(Mallory: Who is Rose Kennedy?)

Eunice Kennedy Shriver

RyanTomMallory
Triple Stumper
    $400 2
wife

Tom
    $400 13
(Mallory: What is the Caspian?)

the Mediterranean

RyanMallory
    $400 27
Vietnam

Ryan
    $400 16
Audubon

Ryan
    $400 6
Happy Gilmore

Tom
    $600 21
DeLuise

Ryan
    $600 3
a moray

Tom
    $600 14
the Crusades

Mallory
    $600 28
(Tom: [Shakes head])
(Alex: No?)
[The end-of-round signal sounds.]

a sectional

RyanTom
    $600 17
(the Earl of) Sandwich

Ryan
    $600 7
Costner

Ryan
    $800 22
Les Paul

Tom
    $800 4
(Ryan: What is Murphy slaw?)

coleslaw

Ryan
Triple Stumper
    $800 25
Hagia Sophia

Tom
    $500 18
Pythagoras

Ryan
    $800 12
Bagger Vance

Ryan
    $1000 23
(Alex: With a minute left.)

Andrew Wyeth

Triple Stumper
    $1000 20
(Ryan: What is Kissinger--kissing her?)

Kissinger now

RyanMallory
    $1000 26
the Hippodrome

Ryan
    $1000 19
(Tom: Who is Gray?)
(Ryan: Who is Fallopian?)

Gabriello Fallopio

RyanTom
Triple Stumper
    $1000 11
Bobby Jones

Tom

Scores at the first commercial break (after clue 15):

Ryan Tom Mallory
$1,000 $2,400 $0

Scores at the end of the Jeopardy! Round:

Ryan Tom Mallory
$3,100 $2,400 $1,200

Double Jeopardy! Round responses

RENAISSANCE ARTISTS
ELTON JOHN: FIRST LINES
(Alex: ...of his songs.)
"BB" BOOKS
FARM AID
PRECIOUS SENTIMENTS
LET'S PLAY SOME GULF
    $400 1
Michelangelo

Ryan
    $400 17
"Your Song"

Triple Stumper
    $400 6
the Rabbi

Ryan
    $400 15
husbandry

Ryan
    $400 8
a diamond

Ryan
    $400 9
the Gulf of Mexico

Mallory
    $800 2
da Vinci

Mallory
    $800 26
"Tiny Dancer"

Ryan
    $800 7
Cabbages

Mallory
    $800 20
a rooster (or chicken)

Tom
    $800 10
golden

Ryan
    $800 11
the Gulf of Thailand

Tom
    $1200 3
Hans Holbein

Ryan
    $1200 27
"Rocket Man"

Ryan
    $900 16
(Ryan: What is Tintern Abbey?)
(Alex: No.)
(Ryan: Oh.)
(Alex: What is--)
(Ryan: [*].)
(Alex: --[*]. Not Tintern. Tintern is a--)
(Ryan: Wordsworth.)
(Alex: --different author.)

Northanger Abbey

Ryan
    $1200 21
fodder

Ryan
    $1200 24
rubies

Ryan
    $1200 12
Trinidad

Ryan
    $1600 4
(Tom: Who is Rembrandt?)

Jan Van Eyck

Tom
Triple Stumper
    $1600 28
"Goodbye Yellow Brick Road"

Triple Stumper
    $1600 18
Sabbath's

Triple Stumper
    $1600 22
(Mallory: What is antique?)
(Alex: No.)
(Mallory: Or heir--what is [*]?)
(Alex: Shhhhh--Tom?)
...
(Alex: I ruled on you after your first response, Mallory, and our judges tell me that that's what I have to accept. So Tom benefited by your second-guessing yourself.)
[Mallory's first response of "antique" was later awarded credit at the end of Double Jeopardy! when the researchers found a reference that equated "antique" tomatoes with heirloom tomatoes. The concomitant score adjustment took Mallory out of the red and allowed her to stick around for Final Jeopardy!]

heirloom

TomMallory
    $1600 25
silver-tongued

Triple Stumper
    $1,000 13
(the Gulf of) Tonkin

Ryan
    $2000 5
Lorenzo Ghiberti

Triple Stumper
    $2000 29
[The end-of-round signal sounds.]

"Honky Cat"

Triple Stumper
    $2000 19
(Tom: What is Babbitt?)
(Alex: No. Mallory.)
(Mallory: What is Rabbit?)
(Alex: No.)
(Mallory: What is Rabbit, Run?)
(Alex: No. I got the feeling that you were gonna go Rabbit, Rabbit, Run, and finally [*], and that would have been the correct response. Sorry it didn't work out.)

Rabbit is Rich

TomMallory
Triple Stumper
    $2000 23
a paddock

Tom
    $2000 14
(Mallory: What is the Persian Gulf?)

the Gulf of Aqaba

TomMallory

Scores at the end of the Double Jeopardy! Round:

Ryan Tom Mallory
$12,400 $6,000 $800
(lock game)

[wagering suggestions for these scores]

Final Jeopardy! Round responses

20th CENTURY WEDDINGS
MalloryWho is Grace Kelly?
$200
TomWho is no idea?
$4,399
RyanWho was Grace Kelly?
$0
Grace Kelly

Final scores:

Ryan Tom Mallory
$12,400 $1,601 $1,000
2-day champion: $33,200 2nd place: $2,000 3rd place: $1,000

Game dynamics:

Coryat scores:

Ryan Tom Mallory
$14,200 $6,000 $800
24 R
(including 2 DDs),
5 W
(including 1 DD)
13 R,
5 W
8 R,
4 W

Combined Coryat: $21,000

[game clues] [game scores] [suggest correction]

Game tape date: 2009-11-04
The J! Archive is created by fans, for fans. Scraping, republication, monetization, and malicious use prohibited; this site may use cookies and collect identifying information. See terms. The Jeopardy! game show and all elements thereof, including but not limited to copyright and trademark thereto, are the property of Jeopardy Productions, Inc. and are protected under law. This website is not affiliated with, sponsored by, or operated by Jeopardy Productions, Inc. Join the discussion at JBoard.tv.